000 00667cam a22002291 4500
001 ne 63000228
003 DLC
005 20260227111741.0
008 940328s1960 ua b 000 0 ara
010 _ane 63000228
035 _a(OCoLC)30304203
040 _aDLC
_cNNC-L
_dDLC
042 _apremarc
043 _af-ua---
050 0 0 _aKRM1040
_b.Y963 1960
100 1 _aYūnus, ʻAlī Ḥasan.
245 1 3 _aal-Wasīṭ fī al-sharikāt al-tijārīyah,
_ctaʼlīf ʻAlī Ḥasan Yūnus.
260 _a[al-Qāhirah]
_bDār al-Fikr al-ʻArabī,
_c1960.
300 _a638 p.
_c24 cm.
504 _aBibliographical footnotes.
650 0 _aCorporation law
_zEgypt.
999 _c45520
_d45520